| 000 | 00000nam 2200000za 4500 |
| 001 | 9.696138 |
| 003 | CaOODSP |
| 005 | 20210624234909 |
| 007 | cr ||||||||||| |
| 008 | 150407s2003 onc|||||o f|0| 0 eng d |
| 040 | |aCaOODSP|beng |
| 043 | |an-cn--- |
| 086 | 1 |aEn49-16/3E-PDF |
| 110 | 1 |aCanada.|bEnvironment Canada. |bNational Pollutant Release Inventory. |
| 245 | 10|a2001 national overview – National Pollutant Release Inventory |h[electronic resource] : |breleases. |
| 260 | |aOttawa : |bEnvironment Canada, |c2003. |
| 300 | |a20 p. : |bfig., graph, tables. |
| 500 | |a"Canadian Environmental Protection Act, 1999". The catalogue number (En49-16/3E) and ISBN (0-662-35417-6) for the print edition have been incorrectly copied in this electronic publication. |
| 504 | |aBibliography. |
| 520 | 3 |aThis report gives an overview of the National Pollutant Release Inventory (NPRI), including additions and other new information for 2001. It provides data related to on-site releases in the air, in water, and on land; lists the 25 NPRI pollutants released on site in the largest quantities in 2001; and notes which industrial sectors released the largest quantities of NPRI pollutants in 2001. A bibliography provides various government and Web references, as well as contact information for other resource agencies. |
| 590 | |a12-19-Supp|b2012-04-30 |
| 690 | 07|aPollutants|2gcpds |
| 775 | 08|t2001 compte rendu national – Inventaire national des rejets de polluants |w(CaOODSP)9.640257 |
| 776 | 0#|t2001 national overview -- National Pollutant Release Inventory. Releases |w(CaOODSP)9.649176 |
| 794 | |tNational overview – National Pollutant Release Inventory, 2002 |w(CaOODSP)9.687338 |
| 856 | 40|ahttp://publications.gc.ca|qPDF|s1.24 MB|uhttps://publications.gc.ca/collections/collection_2012/ec/En49-16-3-eng.pdf |